书目信息 |
| 题名: |
企业物流管理
|
|
| 作者: | 赵启兰 主编 | |
| 分册: | ||
| 出版信息: | 北京 机械工业出版社 2011.07 |
|
| 页数: | 342页 | |
| 开本: | 26cm | |
| 丛书名: | ||
| 单 册: | ||
| 中图分类: | F273.4 | |
| 科图分类: | ||
| 主题词: | 企业经济 | |
| 电子资源: | ||
| ISBN: | 7-111-34344-1 | |
| 000 | 00590nam0 2200205 450 | |
| 001 | 1635541764 | |
| 005 | 20160429095332.49 | |
| 010 | @a7-111-34344-1@dCNY39.80 | |
| 100 | @a20160429d2011 km y0chiy0120 ea | |
| 101 | 0 | @achi |
| 102 | @aCN@b110000 | |
| 200 | 1 | @a企业物流管理@Aqi ye wu liu guan li@f赵启兰主编@Fzhao qi lan zhu bian |
| 205 | @a2版 | |
| 210 | @a北京@c机械工业出版社@d2011.07 | |
| 215 | @a342页@d26cm | |
| 606 | 0 | @a企业经济 |
| 690 | @aF273.4@v4 | |
| 701 | 0 | @a赵启兰@Azhao qi lan@4主编 |
| 801 | 0 | @aCN@b大连网信软件有限公司图书馆·11@c20160429 |
| 905 | @aZUCC@dF273.4@eZ3131=2 | |
| 企业物流管理/赵启兰主编.-2版.-北京:机械工业出版社,2011.07 |
| 342页;26cm |
| ISBN 7-111-34344-1:CNY39.80 |
| ● |
| 相关链接 |
|
|
|
正题名:企业物流管理
索取号:F273.4/Z3131=2
 
预约/预借
| 序号 | 登录号 | 条形码 | 馆藏地/架位号 | 状态 | 备注 |
| 1 | 1223025 | 212230254 | 管理学院资料室/ [索取号:F273.4/Z3131=2] | 在馆 |